000 00472cam a2200169ua 4500
020 _c125.00
041 _aeng
_h
082 _a628.5
_bBHA/TE
100 _aBharucha, Erach .
245 _aText book of environmental studies for undergraduate courses /
_cErach Bharucha.
_hTextual Documents
260 _aHyderabad :
_bUniversities press India Pvt Ltd ,
_c2006.
300 _a274 ; .
365 _a125.00
504 _a
942 _cBK
999 _c13232
_d13232